Statistics for U.S. Governors Quiz #2

Click here to take the quiz!

General Stats

  • This quiz has been taken 22 times
  • The average score is 14 of 32

Answer Stats

StateYearsGovernor% Correct
Texas1995-2000George W. Bush
100%
New York2011-Andrew Cuomo
89%
Georgia1971-1975Jimmy Carter
83%
New York1899-1900Theodore Roosevelt
78%
Virginia1779-1781Thomas Jefferson
72%
Arkansas1983-1992Bill Clinton
72%
Michigan1963-1969George W. Romney
72%
Texas2000-2015Rick Perry
56%
Arkansas1996-2007Mike Huckabee
56%
Louisiana1928-1932Huey Long
56%
Texas1859-1861Sam Houston
50%
Louisiana2008-2016Bobby Jindal
50%
New Mexico1995-2003Gary Johnson
50%
Virginia1799-1802James Monroe
44%
Texas2015-Greg Abbott
39%
Michigan2019-Gretchen Whitmer
39%
Arizona2015-Doug Ducey
39%
Maryland2015-Larry Hogan
39%
Utah2005-2009Jon Huntsman
28%
Maryland1967-1969Spiro Agnew
28%
Virginia1825-1827John Tyler
28%
Montana2013-Steve Bullock
28%
Wisconsin2011-2019Scott Walker
28%
Kansas1933-1937Alf Landon
22%
New York1943-1954Thomas E. Dewey
22%
New York1959-1973Nelson Rockefeller
22%
Nebraska1931-1935Charles W. Bryan
22%
New Hampshire1983-1989John H. Sununu
17%
Virginia2006-2010Tim Kaine
17%
New Mexico2003-2011Bill Richardson
11%
Virginia1784-1786Patrick Henry
11%
New York1829-1829Martin Van Buren
6%

Score Distribution

Percentile by Number Answered

Percent of People with Each Score

Your Score History

You have not taken this quiz